00791nam a2200241Ia 4500003000400000005001700004008004100021020001800062040001800080041000800098082002100106100002700127245008000154250000600234260004600240300000800286650003200294700002400326700003400350942001500384999001900399952013100418OSt20240427121012.0210716s2010 xx 000 0 und d a9789380381022 cAIMIT LIBRARY aeng a005.70285 bPADG aPadmavathi, G.9162424 aProceedings of the national conference on advanced computing technologies / a1 aChennaibYes Dee Publishing Pvt Ltdc2010 a246 aDatabase Management9162425 aKalpana, B.9162426 aShanthi, I Elizabeth.9162427 2ddccBKe1 c190968d190968 001040708MCAaAIMITbAIMITeAthulya Booksg995.00l0o005.70285 PADGpMCA10476r2026-05-23 00:00:00v746.25w2021-07-16yBK